Manchester United Captains - Statistics

General Stats
  • This quiz has been taken 129 times
  • The average score is 9 of 54
Answer Stats
Hint Answer % Correct
2023- Bruno Fernandes
84%
2014-2017 Wayne Rooney
82%
2020-2023 Harry Maguire
81%
2005-2010 Gary Neville
77%
1968-1973 Bobby Charlton
64%
1997-2005 Roy Keane
59%
1996-1997 Eric Cantona
55%
2019-2020 Ashley Young
49%
1982-1994 Bryan Robson
48%
2010-2014 Nemanja Vidic
40%
1994-1996 Steve Bruce
36%
2018-2019 Antonio Valencia
33%
1967-1968 Denis Law
33%
2017-2018 Michael Carrick
28%
1975-1982 Martin Buchan
10%
1959-1960 Dennis Viollet
9%
1935-1937 James Brown
7%
1958-1959 Bill Foulkes
6%
1945-1953 Johnny Carey
6%
1955-1958 Roger Byrne
6%
1962-1967 Noel Cantwell
5%
1953 Stan Pearson
5%
1953-1955 Allenby Chilton
4%
1973-1974 George Graham
4%
1905-1913 Charlie Roberts
3%
1922-1928 Franck Barson
3%
1974-1975 Willie Morgan
3%
1919-1922 Lal Hilditch
2%
1960-1962 Maurice Setters
2%
1929-1930 Charlie Spencer
1%
1882-1883 E.thomas
1%
1937-1939 George Roughton
1%
1944-1945 George Roughton
1%
1913-1914 George Stacy
1%
1904-1905 Jack Peddie
1%
1930-1931 Jack Silcock
1%
1932-1934 Jack Silcock
1%
1892-1893 Joe Cassidy
1%
1932 Louis Page
1%
1915-1917 Patrick O'Connell
1%
1934-1935 Bill McKay
0%
1939-1940 Bill McKay
0%
1891-1892 Bob Mcfarlane
0%
1896-1897 Caesar Jenkyns
0%
1917-1918 George Anderson
0%
1914-1915 George Hunter
0%
1931-1932 George McLachlan
0%
1897-1903 Harry Stafford
0%
1918-1919 Jack Mew
0%
1887-1891 Jack Powell
0%
1928-1929 Jack WIlson
0%
1894-1896 James McNaught
0%
1903-1904 John Willie Sutcliffe
0%
1883-1887 Sam Black
0%
No matching quizzes found
Score Distribution
Percent of People with Each Score
Percentile by Number Answered
Your Score History
You have not taken this quiz